<?xml version="1.0" encoding="UTF-8"?>
<record
    xmlns:xsi="http://www.w3.org/2001/XMLSchema-instance"
    xsi:schemaLocation="http://www.loc.gov/MARC21/slim http://www.loc.gov/standards/marcxml/schema/MARC21slim.xsd"
    xmlns="http://www.loc.gov/MARC21/slim">

  <leader>00662nam a22001697a 4500</leader>
  <controlfield tag="008">140211t        mx||||| |||| 00| 0 sp&#xE1; d</controlfield>
  <datafield tag="050" ind1="0" ind2="4">
    <subfield code="a">PM4296</subfield>
    <subfield code="b">R63 1902</subfield>
  </datafield>
  <datafield tag="100" ind1="1" ind2=" ">
    <subfield code="a">A. Robelo, Cecilio, </subfield>
    <subfield code="d">[1839-1916]</subfield>
    <subfield code="e">[Lic.]</subfield>
    <subfield code="q">[Cecilio Agust&#xED;n Robelo]</subfield>
  </datafield>
  <datafield tag="245" ind1="1" ind2="0">
    <subfield code="a">Toponimia : </subfield>
    <subfield code="b">Tarasco - Hispano - Nahoa /</subfield>
    <subfield code="c">por Cecilio A. Robelo.</subfield>
  </datafield>
  <datafield tag="260" ind1=" " ind2=" ">
    <subfield code="a">Cuauhn&#xE1;huac, Cuernavaca, Morelos, M&#xE9;xico : </subfield>
    <subfield code="b">Imprenta de Jos&#xE9; Rojas, </subfield>
    <subfield code="c">1902.</subfield>
  </datafield>
  <datafield tag="300" ind1=" " ind2=" ">
    <subfield code="a">p.v. : </subfield>
    <subfield code="c">15x21 cm. </subfield>
  </datafield>
  <datafield tag="650" ind1=" " ind2="7">
    <subfield code="2">LEMB</subfield>
    <subfield code="a">Nomenclatura</subfield>
    <subfield code="x">Geograf&#xED;a</subfield>
    <subfield code="z">M&#xE9;xico</subfield>
  </datafield>
  <datafield tag="650" ind1=" " ind2="7">
    <subfield code="2">LEMB</subfield>
    <subfield code="a">Etimolog&#xED;a</subfield>
    <subfield code="x">Tarasco</subfield>
  </datafield>
  <datafield tag="650" ind1=" " ind2="7">
    <subfield code="2">LEMB</subfield>
    <subfield code="a">Etimolog&#xED;a </subfield>
    <subfield code="x">Hispana </subfield>
  </datafield>
  <datafield tag="650" ind1=" " ind2="7">
    <subfield code="2">LEMB</subfield>
    <subfield code="a">Etimolog&#xED;a </subfield>
    <subfield code="x">Nahoa (n&#xE1;huatl)</subfield>
  </datafield>
  <datafield tag="942" ind1=" " ind2=" ">
    <subfield code="2">lcc</subfield>
    <subfield code="c">LIB</subfield>
  </datafield>
  <datafield tag="999" ind1=" " ind2=" ">
    <subfield code="c">48677</subfield>
    <subfield code="d">48677</subfield>
  </datafield>
  <datafield tag="952" ind1=" " ind2=" ">
    <subfield code="1">0</subfield>
    <subfield code="2">lcc</subfield>
    <subfield code="4">0</subfield>
    <subfield code="7">0</subfield>
    <subfield code="a">INV-033</subfield>
    <subfield code="b">INV-033</subfield>
    <subfield code="c">AAFM</subfield>
    <subfield code="d">2014-02-11</subfield>
    <subfield code="f">1a ed. </subfield>
    <subfield code="k">EH</subfield>
    <subfield code="o">PM4296 R63 1902</subfield>
    <subfield code="p">IIH000010765</subfield>
    <subfield code="r">2014-02-11 00:00:00</subfield>
    <subfield code="t">C:1</subfield>
    <subfield code="v">1.00</subfield>
    <subfield code="y">LIB</subfield>
    <subfield code="z">A-ANTIGUO-MICH.</subfield>
  </datafield>
</record>
